000 01000nam a2200217 a 4500
001 BRCA_9019
005 20190320210509.0
008 240717s1724----uk-a######---#000-0#eng-#
041 _aeng
044 _aUk
084 _aLM50
_b.S65 1724
100 1 _aSolis, Antonio de
_d1610 - 1686
_99916
245 1 0 _aThe history of the conquest of Mexico by the Spaniards
_cdone into English from the Original Spanish of Don Antonio de Solis, Secretary and Historiographer to His Catholick Majesty; by Thomas Townsend Efq.
260 _aLondon
_bPrinted for T. woodward at the Half-Moon, and J. Hooke at the Flower-de-Luce, both against St. dunflná Church, in Fleet-Street; and J.Peele at Locke´s-head in Pater-Noster-Row
_c1724
300 _a152 p.
_bil.
_c35.5 x 24 cm
500 _aEstado físico: presenta encuadernación en piel y desprendimiento de la tapa posterior
651 4 _aMéxico
_xHistoria
_yConquista, 1519-1540
_9442
700 1 _aTownsend, Thomas
_922366
902 _aCFM
942 _2lcc
_cB
999 _c8670
_d8670